000 00823nam a22002177a 4500
999 _c10339
_d10339
003 AR-CdUCM
008 190401b ||||| |||| 00| 0 spa d
040 _aMUNICIPALIDAD PROVINCIAL DEL CUSCO
_cBIBLIOTECA MUNICIPAL DEL CUSCO
041 _hcc
082 _aEP / 895.1 /
_bEL37
245 _aEl ciervo y la mujer dragón :
_bCuentos populares Chinos /
260 _aChina :
_bGuoji Shudian,
_c1984.
300 _a118 páginas ;
_bIlustraciones,
_c20 cm.
505 _aContenido: La cama de cien pájaros -- La perca dorada -- La ingeniosa mujer enamorada -- La serpiente diabólica -- El luchador de Balin...
650 _aCuentos populares
_93184
650 _aLiteratura escolar
_926679
650 _aChina
_9843
700 _aEdiciones en lenguas extranjeras Beijing
_927136
942 _2ddc
_cLIBROS
945 _adavv